00883nam a2200193 a 450000100100000000500170001000800410002702000180006804000250008608200150011124501180012626000920024430000280033650501620036450400320052650000730055870000310063170000270066200004458420201002045459.0140718s2008 bl a 000 0 spa d a9788539300518 aDO-SdBNPbspacBNPHU axxxxbxxxx00aImpresso no Brasil :bdois séculos de livros brasileiros /cAníbal Bragança, Márcia Abreu, organizadores. aSao Paulo :bUNESP,bMinistério da Cultura, Fundacção Biblioteca Nacional,c2008. a663 p. :bil. ;c24 cm.0 gPt. I.tUma nova história editorial brasileira : editores, tipógrafos e livreiros --gpt. II.tCultura letrada no Brasil : autores, lelitores e leituras. aBibliografía : p. 615-654 aIncluye referencias bibliográficas y notas al pie de las páginas12aBragança, Aníbaeorgs.12aAbreu, Márciaeorgs.